000 00838nam a2200229Ia 4500
999 _c39084
_d39084
001 5651
003 GE_BSU
005 20191024163127.0
008 181216s2012||||ge |||||||||||||| ||geo||
020 _a9789994021604
040 _cGE_BSU
041 _ageo
080 _a511(075.8) მ-43
100 _aმახარაძე, შოთა
_92482
245 _aრიცხვითი სისტემები :
_bლექციების კურსი /
_cრედ. იაშა დიასამიძე.
264 _aბათუმი :
_bაჭარა,
_c2012.
300 _a135 გვ.;
_b20 სმ.
653 _aრიცხვთა თეორია
653 _aმათემატიკა
700 _aდიასამიძე, იაშა
_eრედაქტორი
_94093
942 _cBK
_2udc